000 00632nam a2200205Ia 4500
003 OSt
005 20240904142737.0
008 220927b |||||||| |||| 00| 0 eng d
020 _a1561592749
037 _cReference Collections
040 _aSDCL
_cSDCL
_beng
041 _2eng
_aeng
082 _aGk P2.16 RR
245 0 _aENCYCLOPEDIA OF life science.
260 _aLondon :
_bNature Publishing Group,
_c2002.
300 _axii,723p.
490 _vVolume 16: Rabies and related diseases to schwann, theodor Ambrose Hubert
942 _hGk P2.16 RR
_cREF
_2CC
999 _c798982
_d798982